000
00310nam a22001217a 4500
020
_a
9788121925945
082
_a
624.17
_b
RAJ/ST
100
_a
Rajput,R K
245
_a
Strenth of materials
260
_a
New Delhi
_b
S Chand & Company Ltd
_c
2012
300
_a
1448
_b
Multicolour illustration edition
942
_c
BK
999
_c
14028
_d
14028